specifications, rates and notes on work (Record no. 548018)

000 -LEADER
fixed length control field 00362nam a22001337a 4500
082 ## - DEWEY DECIMAL CLASSIFICATION NUMBER
Classification number 627.52
Author Mark MAR
-- D
100 ## - MAIN ENTRY--PERSONAL NAME
Personal name E.L.Marryat
9 (RLIN) 44201
245 ## - TITLE STATEMENT
Title specifications, rates and notes on work
260 ## - PUBLICATION, DISTRIBUTION, ETC.
Place of publication, distribution, etc. Bombay
Name of publisher, distributor, etc. Government central press
Date of publication, distribution, etc. 1916
300 ## - PHYSICAL DESCRIPTION
Extent 380p.:
Dimensions 40cm.
526 ## - STUDY PROGRAM INFORMATION NOTE
Program name 0
Interest level 0
Reading level 0
Title point value 627_520000000000000_MAR
650 ## - SUBJECT ADDED ENTRY--TOPICAL TERM
Topical term or geographic name entry element MCE
9 (RLIN) 379
942 ## - ADDED ENTRY ELEMENTS (KOHA)
Source of classification or shelving scheme
Koha item type Book
Holdings
Withdrawn status Lost status Source of classification or shelving scheme Damaged status Not for loan Permanent Location Current Location Date acquired Total Checkouts Full call number Barcode Date last seen Price effective from Koha item type
          Military College of Engineering (MCE) Military College of Engineering (MCE) 08/19/2014   627.52 MAR MCE-40541 08/19/2014 08/19/2014 Book
© 2023 Central Library, National University of Sciences and Technology. All Rights Reserved.